<?xml version="1.0" encoding="UTF-8"?>
<record
    xmlns:xsi="http://www.w3.org/2001/XMLSchema-instance"
    xsi:schemaLocation="http://www.loc.gov/MARC21/slim http://www.loc.gov/standards/marcxml/schema/MARC21slim.xsd"
    xmlns="http://www.loc.gov/MARC21/slim">

  <leader>03416cam a2200277 a 4500</leader>
  <controlfield tag="005">20171003155542.0</controlfield>
  <controlfield tag="008">960105s1997    dcua     b    001 0 eng u</controlfield>
  <datafield tag="020" ind1=" " ind2=" ">
    <subfield code="a">156098418X</subfield>
  </datafield>
  <datafield tag="040" ind1=" " ind2=" ">
    <subfield code="a">DLC</subfield>
    <subfield code="c">DLC</subfield>
    <subfield code="d">OrLoB-B</subfield>
    <subfield code="d">OCoLC</subfield>
  </datafield>
  <datafield tag="041" ind1="0" ind2=" ">
    <subfield code="a">eng</subfield>
  </datafield>
  <datafield tag="044" ind1=" " ind2=" ">
    <subfield code="a">ck</subfield>
  </datafield>
  <datafield tag="082" ind1="0" ind2="0">
    <subfield code="a">566.09861</subfield>
    <subfield code="b">V56p</subfield>
  </datafield>
  <datafield tag="245" ind1="0" ind2="0">
    <subfield code="a">Vertebrate paleontology in the neotropics :</subfield>
    <subfield code="b">the Miocene fauna of La Venta, Colombia /</subfield>
    <subfield code="c">editado por Richard F. Kay ... [y otros 3]</subfield>
  </datafield>
  <datafield tag="260" ind1=" " ind2=" ">
    <subfield code="a">Washington (EE.UU.) : </subfield>
    <subfield code="b">Smithsonian Institution Press,</subfield>
    <subfield code="c">1997.</subfield>
  </datafield>
  <datafield tag="300" ind1=" " ind2=" ">
    <subfield code="a">xv, 592 p&#xE1;ginas : </subfield>
    <subfield code="b">ilustraciones ;</subfield>
    <subfield code="c">29 x 22 cm.</subfield>
  </datafield>
  <datafield tag="504" ind1=" " ind2=" ">
    <subfield code="a">Incluye referencias bibliogr&#xE1;ficas e &#xED;ndice.</subfield>
  </datafield>
  <datafield tag="505" ind1="2" ind2="0">
    <subfield code="g">1.</subfield>
    <subfield code="t">A History of Vertebrate Paleontology in the Magdalena Valley /</subfield>
    <subfield code="r">Richard H. Madden, Donald E. Savage and Robert W. Fields --</subfield>
    <subfield code="g">2.</subfield>
    <subfield code="t">Stratigraphy, Sedimentary Environments, and the Miocene Uplift of the Colombian Andes /</subfield>
    <subfield code="r">Javier Guerrero --</subfield>
    <subfield code="g">3.</subfield>
    <subfield code="t">Geochronology of the Honda Group /</subfield>
    <subfield code="r">John J. Flynn, Javier Guerrero and Carl C. Swisher III --</subfield>
    <subfield code="g">4.</subfield>
    <subfield code="t">Trichodactylid Crabs /</subfield>
    <subfield code="r">Gilberto Rodriguez --</subfield>
    <subfield code="g">5.</subfield>
    <subfield code="t">Freshwater Fishes and Their Paleobiotic Implications /</subfield>
    <subfield code="r">John G. Lundberg --</subfield>
    <subfield code="g">6.</subfield>
    <subfield code="t">Limbless Tetrapods /</subfield>
    <subfield code="r">Max K. Hecht and Thomas C. LaDuke --</subfield>
    <subfield code="g">7.</subfield>
    <subfield code="t">A Reassessment of the Fossil Tupinambinae /</subfield>
    <subfield code="r">Robert M. Sullivan and Richard Estes --</subfield>
    <subfield code="g">8.</subfield>
    <subfield code="t">Crocodilians, Gryposuchus, and the South American Gavials /</subfield>
    <subfield code="r">Wann Langston, Jr. and Zulma Gasparini --</subfield>
    <subfield code="g">9.</subfield>
    <subfield code="t">Turtles /</subfield>
    <subfield code="r">Roger Conant Wood --</subfield>
    <subfield code="g">10.</subfield>
    <subfield code="t">Birds /</subfield>
    <subfield code="r">D. Tab Rasmussen --</subfield>
    <subfield code="g">11.</subfield>
    <subfield code="t">New Clues for Understanding Neogene Marsupial Radiations /</subfield>
    <subfield code="r">Francisco J. Goin --</subfield>
    <subfield code="g">12.</subfield>
    <subfield code="t">New Caenolestoid Marsupials /</subfield>
    <subfield code="r">Elizabeth R. Dumont and Thomas M. Bown --</subfield>
    <subfield code="g">13.</subfield>
    <subfield code="t">Armored Xenarthrans: A Unique Taxonomic and Ecologic Assemblage /</subfield>
    <subfield code="r">Alfredo A. Carlini, Sergio F. Vizcaino and Gustavo J. Scillato-Yane --</subfield>
    <subfield code="g">14.</subfield>
    <subfield code="t">A New Giant Pampatheriid Armadillo /</subfield>
    <subfield code="r">Gordon Edmund and Jessica Theodor --</subfield>
    <subfield code="g">15.</subfield>
    <subfield code="t">Xenarthrans: Pilosans /</subfield>
    <subfield code="r">H. Gregory McDonald --</subfield>
    <subfield code="g">16.</subfield>
    <subfield code="t">Locomotor Adaptations in Miocene Xenarthrans /</subfield>
    <subfield code="r">Jennifer L. White --</subfield>
    <subfield code="g">17.</subfield>
    <subfield code="t">Paleobiology and Affinities of Megadolodus /</subfield>
    <subfield code="r">Richard L. Cifelli and Carlos Villarroel --</subfield>
    <subfield code="g">18.</subfield>
    <subfield code="t">Litopterns /</subfield>
    <subfield code="r">Richard L. Cifelli and Javier Guerrero --</subfield>
    <subfield code="g">19.</subfield>
    <subfield code="t">A New Leontiniid Notoungulate /</subfield>
    <subfield code="r">Carlos Villarroel and Jane Colwell Danis --</subfield>
    <subfield code="g">20.</subfield>
    <subfield code="t">Enamel Microstructure in Notoungulates /</subfield>
    <subfield code="r">Mary C. Maas --</subfield>
    <subfield code="g">21.</subfield>
    <subfield code="t">A New Toxodontid Notoungulate /</subfield>
    <subfield code="r">Richard H. Madden --</subfield>
    <subfield code="g">22.</subfield>
    <subfield code="t">Uruguaytheriine Astrapotheres of Tropical South America /</subfield>
    <subfield code="r">Steven C. Johnson and Richard H. Madden --</subfield>
    <subfield code="g">23.</subfield>
    <subfield code="t">Sirenia /</subfield>
    <subfield code="r">Daryl P. Domning --</subfield>
    <subfield code="g">24.</subfield>
    <subfield code="t">Rodents /</subfield>
    <subfield code="r">Anne H. Walton --</subfield>
    <subfield code="g">25.</subfield>
    <subfield code="t">Chiroptera /</subfield>
    <subfield code="r">Nicholas J. Czaplewski --</subfield>
    <subfield code="g">26.</subfield>
    <subfield code="t">A New Small Platyrrhine and the Phyletic Position of Callitrichinae /</subfield>
    <subfield code="r">Richard F. Kay and D. Jeffrey Meldrum --</subfield>
    <subfield code="g">27.</subfield>
    <subfield code="t">Postcranial Skeleton of Laventan Platyrrhines /</subfield>
    <subfield code="r">D. Jeffrey Meldrum and Richard F. Kay --</subfield>
    <subfield code="g">28.</subfield>
    <subfield code="t">Fossil New World Monkeys /</subfield>
    <subfield code="r">John G. Fleagle, Richard F. Kay and Mark R. L. Anthony --</subfield>
    <subfield code="g">29.</subfield>
    <subfield code="t">The Laventan Stage and Age /</subfield>
    <subfield code="r">Richard H. Madden, Javier Guerrero and Richard F. Kay [et al.] --</subfield>
    <subfield code="g">30.</subfield>
    <subfield code="t">Paleogeography and Paleoecology /</subfield>
    <subfield code="r">Richard F. Kay and Richard H. Madden.</subfield>
  </datafield>
  <datafield tag="650" ind1="2" ind2="6">
    <subfield code="a">Vertebrados</subfield>
    <subfield code="x">F&#xF3;siles</subfield>
    <subfield code="z">Colombia</subfield>
  </datafield>
  <datafield tag="650" ind1="2" ind2="6">
    <subfield code="a">Paleontolog&#xED;a</subfield>
    <subfield code="y">Mioceno</subfield>
  </datafield>
  <datafield tag="650" ind1="2" ind2="6">
    <subfield code="a">Paleontolog&#xED;a</subfield>
    <subfield code="z">Colombia</subfield>
  </datafield>
  <datafield tag="700" ind1="1" ind2=" ">
    <subfield code="a">Kay, Richard F.</subfield>
    <subfield code="e">editor</subfield>
  </datafield>
  <datafield tag="710" ind1="1" ind2=" ">
    <subfield code="a">Madden, Richard H.</subfield>
    <subfield code="e">editor</subfield>
  </datafield>
  <datafield tag="710" ind1="1" ind2=" ">
    <subfield code="a">Cifelli, Richard L.</subfield>
    <subfield code="e">editor</subfield>
  </datafield>
  <datafield tag="710" ind1="1" ind2=" ">
    <subfield code="a">Flynn, John J.</subfield>
    <subfield code="e">editor</subfield>
  </datafield>
  <datafield tag="942" ind1=" " ind2=" ">
    <subfield code="2">ddc</subfield>
    <subfield code="c">LIBRO</subfield>
  </datafield>
  <datafield tag="999" ind1=" " ind2=" ">
    <subfield code="c">918</subfield>
    <subfield code="d">918</subfield>
  </datafield>
  <datafield tag="952" ind1=" " ind2=" ">
    <subfield code="0">0</subfield>
    <subfield code="1">0</subfield>
    <subfield code="2">ddc</subfield>
    <subfield code="4">0</subfield>
    <subfield code="7">0</subfield>
    <subfield code="8">GENERAL</subfield>
    <subfield code="I">INV2017</subfield>
    <subfield code="a">Venado</subfield>
    <subfield code="b">Venado</subfield>
    <subfield code="d">1999-01-13</subfield>
    <subfield code="e">CIDHumboldt</subfield>
    <subfield code="g">39000.00</subfield>
    <subfield code="l">0</subfield>
    <subfield code="o">LB-566.09861 V56p</subfield>
    <subfield code="p">001408</subfield>
    <subfield code="r">2012-12-04 00:00:00</subfield>
    <subfield code="t">Ej. 1</subfield>
    <subfield code="w">2012-12-04</subfield>
    <subfield code="x">Compra</subfield>
    <subfield code="y">LIBRO</subfield>
  </datafield>
</record>
